书目信息 |
| 题名: |
333教育综合大纲解析
|
|
| 作者: | 333教育综合蓝皮书编写组主编 | |
| 分册: | 中国教育史和外国教育史分册 | |
| 出版信息: | 北京 北京理工大学出版社有限责任公司 2022.03 |
|
| 页数: | 235页 | |
| 开本: | 29cm | |
| 丛书名: | ||
| 单 册: | ||
| 中图分类: | G40 , G529 | |
| 科图分类: | ||
| 主题词: | 教育学--硕士生入学考试--自学参考资料 , 教育史--中国--硕士生入学考试--自学参考资料 , 教育史--国外--硕士生入学考试--自学参考资料 | |
| 电子资源: | ||
| ISBN: | 978-7-5763-1155-6 | |
| 000 | 01093nam0 2200277 45 | |
| 001 | 012001002146 | |
| 005 | 20141203113706.0 | |
| 010 | @a978-7-5763-1155-6@dCNY48.40 | |
| 100 | @a20220905d2022 em y0chiy0110 ea | |
| 101 | 0 | @achi |
| 102 | @aCN@b110000 | |
| 105 | @ay z 001yy | |
| 106 | @ar | |
| 200 | 1 | @a333教育综合大纲解析@A333 jiao yu zong he da gang jie xi@i中国教育史和外国教育史分册@f333教育综合蓝皮书编写组主编 |
| 210 | @a北京@c北京理工大学出版社有限责任公司@d2022.03 | |
| 215 | @a235页@d29cm | |
| 300 | @a2023双色印刷 专硕适用 | |
| 300 | @a教育学&333教育综合考研“蓝皮书”系列 | |
| 330 | @a本书内容包括:私人讲学的兴起与传统教育思想的奠基、儒学独尊与读经入仕教育模式的形成、封建国家教育体制的完备、理学教育思想和学校的改革与发展、早期启蒙教育思想、古希腊教育、古罗马教育、西欧中世纪教育等。 | |
| 606 | 0 | @a教育学@x硕士生入学考试@j自学参考资料 |
| 606 | 0 | @a教育史@y中国@x硕士生入学考试@j自学参考资料 |
| 606 | 0 | @a教育史@x国外@x硕士生入学考试@j自学参考资料 |
| 690 | @aG40@v5 | |
| 690 | @aG529@v5 | |
| 801 | 0 | @aCN@bAHXH@c20221111 |
| 905 | @b1372236-40@dG40@e1331@f5 | |
| 333教育综合大纲解析.中国教育史和外国教育史分册/333教育综合蓝皮书编写组主编.-北京:北京理工大学出版社有限责任公司,2022.03 |
| 235页;29cm |
| 2023双色印刷 专硕适用.-教育学&333教育综合考研“蓝皮书”系列 |
| ISBN 978-7-5763-1155-6:CNY48.40 |
| 本书内容包括:私人讲学的兴起与传统教育思想的奠基、儒学独尊与读经入仕教育模式的形成、封建国家教育体制的完备、理学教育思想和学校的改革与发展、早期启蒙教育思想、古希腊教育、古罗马教育、西欧中世纪教育等。 |
| ● |
| 相关链接 |
|
|
|
|
正题名:333教育综合大纲解析
索取号:G40/1331
 
预约/预借
| 序号 | 登录号 | 条形码 | 馆藏地/架位号 | 状态 | 备注 |
| 1 | 1372236 | 213722364 | 第一样本阅览室/ [索取号:G40/1331] | 在馆 | |
| 2 | 1372237 | 213722373 | 教育系资料室/ [索取号:G40/1331] | 在馆 | |
| 3 | 1372238 | 213722382 | 教育系资料室/ [索取号:G40/1331] | 在馆 | |
| 4 | 1372239 | 213722391 | 第四借阅区/ [索取号:G40/1331] | 在馆 | |
| 5 | 1372240 | 213722408 | 第四借阅区/ [索取号:G40/1331] | 在馆 |